<?xml version="1.0" encoding="UTF-8"?>
<record
    xmlns:xsi="http://www.w3.org/2001/XMLSchema-instance"
    xsi:schemaLocation="http://www.loc.gov/MARC21/slim http://www.loc.gov/standards/marcxml/schema/MARC21slim.xsd"
    xmlns="http://www.loc.gov/MARC21/slim">

  <leader>00409nam a2200145 a 4500</leader>
  <datafield tag="999" ind1=" " ind2=" ">
    <subfield code="c">164</subfield>
    <subfield code="d">164</subfield>
  </datafield>
  <datafield tag="020" ind1=" " ind2=" ">
    <subfield code="a">9964301278</subfield>
  </datafield>
  <datafield tag="050" ind1="0" ind2="0">
    <subfield code="a">HD2140</subfield>
    <subfield code="b">.L33 LA</subfield>
  </datafield>
  <datafield tag="100" ind1="1" ind2=" ">
    <subfield code="a">La-Anyane, Seth,</subfield>
  </datafield>
  <datafield tag="245" ind1="1" ind2="4">
    <subfield code="a">The agricultural industry of Western Africa /</subfield>
    <subfield code="c">S. La-Anyane.</subfield>
  </datafield>
  <datafield tag="260" ind1=" " ind2=" ">
    <subfield code="a">Accra :</subfield>
    <subfield code="b">Ghana Universities Press,</subfield>
    <subfield code="c">1988.</subfield>
  </datafield>
  <datafield tag="300" ind1=" " ind2=" ">
    <subfield code="a">170 p. :</subfield>
    <subfield code="b">ill. ;</subfield>
    <subfield code="c">22 cm.</subfield>
  </datafield>
  <datafield tag="500" ind1=" " ind2=" ">
    <subfield code="a">INCLUDES INDEX</subfield>
  </datafield>
  <datafield tag="650" ind1=" " ind2="0">
    <subfield code="a">Agricultural industries</subfield>
  </datafield>
  <datafield tag="942" ind1=" " ind2=" ">
    <subfield code="c">BK</subfield>
  </datafield>
  <datafield tag="952" ind1=" " ind2=" ">
    <subfield code="0">0</subfield>
    <subfield code="1">0</subfield>
    <subfield code="4">0</subfield>
    <subfield code="7">0</subfield>
    <subfield code="a">MUCGW</subfield>
    <subfield code="b">MUCGW</subfield>
    <subfield code="d">2017-10-13</subfield>
    <subfield code="l">0</subfield>
    <subfield code="o">HD2140 .L33 LA</subfield>
    <subfield code="p">28741</subfield>
    <subfield code="r">2017-10-13 00:00:00</subfield>
    <subfield code="w">2017-10-13</subfield>
    <subfield code="y">BK</subfield>
  </datafield>
  <datafield tag="952" ind1=" " ind2=" ">
    <subfield code="0">0</subfield>
    <subfield code="1">0</subfield>
    <subfield code="4">0</subfield>
    <subfield code="7">0</subfield>
    <subfield code="a">MUCGW</subfield>
    <subfield code="b">MUCGW</subfield>
    <subfield code="d">2017-10-13</subfield>
    <subfield code="l">0</subfield>
    <subfield code="o">HD2140 .L33 LA</subfield>
    <subfield code="p">21445</subfield>
    <subfield code="r">2017-10-13 00:00:00</subfield>
    <subfield code="w">2017-10-13</subfield>
    <subfield code="y">BK</subfield>
  </datafield>
  <datafield tag="952" ind1=" " ind2=" ">
    <subfield code="0">0</subfield>
    <subfield code="1">0</subfield>
    <subfield code="4">0</subfield>
    <subfield code="7">0</subfield>
    <subfield code="a">MUCGW</subfield>
    <subfield code="b">MUCGW</subfield>
    <subfield code="d">2017-10-20</subfield>
    <subfield code="l">0</subfield>
    <subfield code="o">HD2140 .L33 LA</subfield>
    <subfield code="p">36126</subfield>
    <subfield code="r">2017-10-20 00:00:00</subfield>
    <subfield code="w">2017-10-20</subfield>
    <subfield code="y">BK</subfield>
  </datafield>
  <datafield tag="952" ind1=" " ind2=" ">
    <subfield code="0">0</subfield>
    <subfield code="1">0</subfield>
    <subfield code="4">0</subfield>
    <subfield code="7">0</subfield>
    <subfield code="a">MUCGW</subfield>
    <subfield code="b">MUCGW</subfield>
    <subfield code="d">2017-10-20</subfield>
    <subfield code="l">0</subfield>
    <subfield code="o">HD2140 .L33 LA</subfield>
    <subfield code="p">36127</subfield>
    <subfield code="r">2017-10-20 00:00:00</subfield>
    <subfield code="w">2017-10-20</subfield>
    <subfield code="y">BK</subfield>
  </datafield>
  <datafield tag="952" ind1=" " ind2=" ">
    <subfield code="0">0</subfield>
    <subfield code="1">0</subfield>
    <subfield code="4">0</subfield>
    <subfield code="7">0</subfield>
    <subfield code="a">MUCGW</subfield>
    <subfield code="b">MUCGW</subfield>
    <subfield code="d">2017-10-20</subfield>
    <subfield code="l">0</subfield>
    <subfield code="o">HD2140 .L33 LA</subfield>
    <subfield code="p">36128</subfield>
    <subfield code="r">2017-10-20 00:00:00</subfield>
    <subfield code="w">2017-10-20</subfield>
    <subfield code="y">BK</subfield>
  </datafield>
  <datafield tag="952" ind1=" " ind2=" ">
    <subfield code="0">0</subfield>
    <subfield code="1">0</subfield>
    <subfield code="4">0</subfield>
    <subfield code="7">0</subfield>
    <subfield code="a">MUCGW</subfield>
    <subfield code="b">MUCGW</subfield>
    <subfield code="d">2017-10-20</subfield>
    <subfield code="l">0</subfield>
    <subfield code="o">HD2140 .L33 LA</subfield>
    <subfield code="p">36129</subfield>
    <subfield code="r">2017-10-20 00:00:00</subfield>
    <subfield code="w">2017-10-20</subfield>
    <subfield code="y">BK</subfield>
  </datafield>
</record>
